000
00336nam a2200133Ia 4500
008
240624s9999 xx 000 0 und d
041
_a
eng
082
_a
332.63 LOG
100
_a
LOGAN TINA
245
_a
GETTING STARTED IN CANDLESTICK CHARTING
260
_c
2008
_a
New Jersey
_b
Wiley
300
_a
xii, 260 p.; 23 cm.
365
_c
_b
38
999
_c
29058
_d
29058